000 00614nam a2200229Ia 4500
003 OSt
005 20221007064357.0
006 a|||||r|||| 00| 0
007 ta
008 221006b |||||||| |||| 00| 0 eng d
024 _a17,954
037 _cTextual
040 _aFLL
_cFLL
_beng
041 _2eng
_aeng
082 _aY15:7.7.20a944Q7.N7, M1
100 _aMinault Gail
245 0 _aExtended family
260 _aDelhi
_bChanakya Publications India
_c1981
300 _a312p
_ccm.
942 _hY15:7.7.20a944Q7.N7, M1
_cTEXL
_2CC
999 _c1133846
_d1133846